000 03170nam a22002777a 4500
005 20260324064032.0
008 230925b |||||||| |||| 00| 0 spa d
020 _a9786074029799
040 _aMX-MxUPN
_bspa
050 4 _aHD5715
_bF677 2016
245 0 0 _aFormación de sujetos :
_breformas, políticas y movimientos sociales
250 _aPrimera edición
260 _aMéxico, D.F. :
_bPlaza y Valdés :
_bPrograma de Análisis Público de Discurso e Investigación,
_c2016.
300 _a261 paginas
490 0 _aColección de investigación social y análisis político de discurso ;
_v9
505 0 0 _tLo educativo más allá de la escuela : experiencia educativa y subjetividad /
_rDaniel Saur. --
_tUn antología histórico-discursiva del concepto formación profesional /
_rZara Navarrete Cazales. --
_tEl significante interculturalidad : categorías analíticas frente a un breve estado de conocimiento /
_rSergio Gerardo Málaga Villegas. --
_tPuntos nodales en las reformas educativas : el artículo III constitucional /
_rRosa Nidia Buenfil Burgos. --
_tLa reforma constitucional a la educación (2013) : aproximaciones al análisis /
_rOfelia Piedad Cruz Pineda. --
_tDebates y resoluciones del Segundo Congreso Nacional de Instrucción Pública, 1890-1891, en torno a la identidad de la educación media superior /
_rJosé Irving Loyola Martínez. --
_tLa formación de lauderos en México : el caso de la Escuela de Laudería /
_rReinalda Soriano Peña. --
_tPolítica educativa y hegemonización de los posgrados dirigidos al magisterio en servicio /
_rMaría Dolores Ávalos Lozano. --
_tPlaneación nacional ambiental en el contexto del gobierno de Enrique Peña Nieto /
_rMaría Joaquina Sánchez Carrasco. --
_tTraspasos y desencuentros discursivos en la construcción narrativa de los movimientos estudiantiles en México (1960-1980) : análisis desde el género y análisis político del discurso /
_rMónica García Contreras. --
_tEl debate por la autonomía : una aproximación a la dimensión política de la universidad /
_rLeonor González Villanueva. --
_tFormación y subjetividad /
_rIgnacio Pineda Pineda . --
_tEntre el análisis político de discurso y la tradición hermenéutica : comentarios a los capítulos referentes a los movimientos estudiantiles e identidad /
_rArturo Torres Barreto
_tReformas educativas, cambios legales y formación docente : observaciones desde la docencia universitaria /
_rMaría Evangelina Plomar Morales. --
_tPolíticas sociales y educativas /
_rMaría de los Ángeles de la Rosa Reyes. --
_tLos dilemas del tiempo presente de la Universidad Pública en la Argentina : las huellas de la Reforma Universitaria de 1918 y de los horizontes de 1968 /
_rSandra Carli.
650 4 _aFormación profesional
_99108
650 4 _aReforma educativa
_zMéxico
_94075
650 2 _9232
_aAnálisis del discurso
650 2 _916912
_aMovimientos estudiantiles
_zMéxico
700 _948151
_aNavarrete Cazales, Zaira
_ecoordinación
700 1 _950153
_aLoyola Martínez, José Irving
_dcoordinación
902 _aDaniela Badillo 25/09/23
_bVíctorGodínez/051023
942 _2lcc
_cLIBRO
999 _c210379
_d210379